Statistiche per Personaggi femminili Disney

Clicka qui per fare il quiz!

Statistiche generali

  • Questo quiz è stato fatto 588 volte
  • Il punteggio medio è 17 su 31

Statistiche sulle risposte

HintRisposta% Corretto
Vive con sette uominiBiancaneve
100%
Ha delle sorellastre cattiveCenerentola
99%
Barattò la sua voce per delle gambeAriel
96%
Usa un ombrello per volareMary Poppins
92%
Ha lunghi capelli magiciRapunzel
92%
Ha il potere di controllare il ghiaccioElsa
91%
Dormì per moltissimo tempoAurora
90%
Si finse uomo e salvò il suo paeseMulan
89%
Va alla ricerca della sorella con l'aiuto di un pupazzo di neve, una renna e un venditore di ghiaccioAnna
88%
Figlia del sultano che ha come animale domestico una tigreJasmine
81%
Mangia o beve per cambiare dimensioniAlice
77%
Mangia spaghetti con un cane trasandatoLilly
76%
Ha come amico un proccionePocahontas
71%
Ama leggere e desidera un'avventuraBelle
67%
Fu trasformata in una ranaTiana
66%
Volendosi ribellare al volere della madre, finisce per trasformala in un orsoMerida
57%
Educa un uomo che ha vissuto nella giungla coi gorilla da quando è natoJane
56%
Per salvare il padre e tutti gli altri abitanti, va alla ricerca dell'ultimo dragoRaya
44%
Viene aiutata da un gatto randagio, di cui si innamora, a ritrovare la strada di casaDuchessa
42%
Parte alla ricerca di un semidio in compagnia del suo pollo domesticoVaiana
41%
Tutti nella sua famiglia ha un dono magico a parte leiMirabel
39%
Va in viaggio con suoi fratelli e un ragazzo magicoWendy
38%
Cerca il legittimo re delle "Terre del Branco"Nala
37%
Cede la sua anime al dio dei morti per salvare il suo amatoMegara
35%
Il giorno delle nozze viene ingannata e si trova magicamente a New York, nel mondo realeGiselle
23%
Vive nella città perduta di AtlantisKida
14%
Si innamora di uno scheletroSally
13%
Figlia della matrigna cattiva di BiancaneveEvie
11%
Sotto pressione emotiva si trasforma in un panda rosso giganteMei Lee
9%
Il suo sogno è diventare un'ufficiale della poliziaJudy Hoops
6%
Scopre di essere una principessa alle superiori e racconta della cosa sul suo diarioMia Thermopolis
5%

Distribuzione punteggi

Percentile per numero di risposta

Percentuale di utenti per punteggio

I tuoi punteggi nel tempo

Non hai fatto questo quiz